[Event "POL-chT Academic"]
[Site "Katowice"]
[Date "2020.11.15"]
[Round "8.18"]
[White "Antolak, Julia"]
[Black "Horbacz, Agata"]
[Result "1/2-1/2"]
[WhiteElo "2313"]
[BlackElo "1746"]
[PlyCount "31"]
[EventDate "2020.11.14"]
[EventType "team-swiss (rapid)"]
[EventRounds "9"]
[EventCountry "POL"]
[SourceTitle "CBM 199 Extra"]
[Source "ChessBase"]
[SourceDate "2021.01.31"]
[SourceVersion "1"]
[SourceVersionDate "2021.01.31"]
[SourceQuality "1"]
[WhiteTeam "Gdansk Univ"]
[BlackTeam "Lublin Curie Sklodowska Univ"]
[WhiteTeamCountry "POL"]
[BlackTeamCountry "POL"]

1. e4 d6 2. d4 g6 3. Nc3 Bg7 4. Be3 Nd7 5. Qd2 e5 6. Bc4 Ngf6 7. Nf3 exd4 8. Bxd4 Nb6 9. Bxb6 axb6 10. e5 Qe7 11. 0-0-0 dxe5 12. Nxe5 0-0 13. Nxf7 Rxf7 14. Rhe1 Qf8 15. Bxf7+ Kxf7 16. Kb1 1/2-1/2